| 000 | 01247nam a22004330a 4500 | ||
|---|---|---|---|
| 001 | PT43137 | ||
| 003 | AR-LpoUNG | ||
| 005 | 20210131230945.0 | ||
| 008 | 191001s2007||||ag |||||||||||||||||spa d | ||
| 020 |
_a9789872353506 _c$18.50 |
||
| 040 |
_aAR-LpoUNG _bspa _cAR-LpoUNG _eaacr |
||
| 041 | _aspa | ||
| 044 | _aag | ||
| 082 | 0 | _a982.065 862pib | |
| 100 | 1 | _aBritez, Rafael | |
| 245 | 1 | 4 |
_aLos pibes del Santa : _brepresión estudiantil en Florencio Varela |
| 250 | _a1ra. ed. | ||
| 260 |
_aBuenos Aires : _bCentro de Participación Popular Enrique Angelelli : Comisión por la Memoria, la Verdad y la Justicia de Florencio Varela, _c2007. |
||
| 300 |
_a220 p. : _bfot. |
||
| 650 | 4 | _aANALISIS HISTORICO | |
| 650 | 4 | _aARGENTINA | |
| 650 | 4 | _aAUTORITARISMO | |
| 650 | 4 | _aDERECHOS HUMANOS | |
| 650 | 4 | _aDICTADURA | |
| 650 | 4 | _aENTREVISTAS | |
| 650 | 4 | _aESTUDIANTES | |
| 650 | 4 | _aGOBIERNO MILITAR | |
| 650 | 4 | _aGOLPES DE ESTADO | |
| 650 | 4 | _aINVESTIGACION | |
| 651 | 4 | _aArgentina | |
| 653 | _aDESAPARECIDOS | ||
| 653 | _aMEMORIA COLECTIVA | ||
| 653 | _aREPRESION | ||
| 653 | _aTERRORISMO DE ESTADO | ||
| 700 | 1 |
_aBarnes de Carlotto, Estela _epról. |
|
| 700 | 1 | _aDenza, Néstor | |
| 905 | _a43137 | ||
| 942 | _cLIB | ||
| 999 |
_c7132 _d7132 |
||